| 000 | 00541nam a2200205Ia 4500 | ||
|---|---|---|---|
| 005 | 20250508151753.0 | ||
| 008 | 008 250505s9999 xx 000 0 eng d | ||
| 037 | _aTextual | ||
| 040 |
_aFEDL _beng _cFEDL |
||
| 041 |
_aeng _2eng |
||
| 084 |
_a342.42, JEN _qFEDL |
||
| 100 | _aJennings Ivor | ||
| 245 | 0 | _aLaw and the constitution | |
| 250 | _a4 | ||
| 260 |
_aLondon, UK _bUniversity of London Press Limited _c1955 |
||
| 300 | _axix,327p | ||
| 650 | _aLaw | ||
| 942 |
_cTEXL _h342.42, JEN |
||
| 999 |
_c1332046 _d1332046 |
||